Lengua española 3 : (Registro nro. 46775)
[ vista simple ]
| 000 -CABECERA | |
|---|---|
| campo de control de longitud fija | 00950nam a2200253 a 4500 |
| 001 - NÚMERO DE CONTROL | |
| campo de control | 000047287 |
| 005 - FECHA Y HORA DE LA ÚLTIMA TRANSACCIÓN | |
| campo de control | 20201002053522.0 |
| 008 - DATOS DE LONGITUD FIJA--INFORMACIÓN GENERAL | |
| campo de control de longitud fija | 180426s2017 dr a r 000 0 spa d |
| 020 ## - NÚMERO INTERNACIONAL ESTÁNDAR DEL LIBRO | |
| Número Internacional Estándar del Libro | 9789945195255 |
| 040 ## - FUENTE DE LA CATALOGACIÓN | |
| Centro catalogador/agencia de origen | DO-SdBNP |
| Lengua de catalogación | spa |
| Centro/agencia transcriptor | BNPHU |
| 082 ## - NÚMERO DE LA CLASIFICACIÓN DECIMAL DEWEY | |
| Número de clasificación | xxxx |
| Número de documento/Ítem | I37L, 3ro., 2017 |
| 100 1# - ENTRADA PRINCIPAL--NOMBRE DE PERSONA | |
| Nombre de persona | Incháustegui, María Isabel |
| 9 (RLIN) | 29568 |
| 245 10 - MENCIÓN DE TÍTULO | |
| Título | Lengua española 3 : |
| Resto del título | educación primaria / |
| Mención de responsabilidad, etc. | María Isabel Incháustegui ; dirección editorial Claudia Llibre; Ilustración Rudy Núñez. |
| 250 ## - MENCIÓN DE EDICIÓN | |
| Mención de edición | 2a. ed. |
| 260 ## - PUBLICACIÓN, DISTRIBUCIÓN, ETC. | |
| Lugar de publicación, distribución, etc. | Santo Domingo : |
| Nombre del editor, distribuidor, etc. | Santillana, |
| Fecha de publicación, distribución, etc. | 2017. |
| 300 ## - DESCRIPCIÓN FÍSICA | |
| Extensión | 2v. : |
| Otras características físicas | il. ; |
| Dimensiones | 28 cm. + |
| Material acompañante/anejo | CD-ROM |
| 490 ## - MENCIÓN DE SERIE | |
| Mención de serie | Proyecto todos juntos |
| 500 ## - NOTA GENERAL | |
| Nota general | Actualización según el nuevo diseño curricular actual |
| 505 0# - NOTA DE CONTENIDO CON FORMATO | |
| Información miscelánea | v.1. |
| Título | Libro texto |
| Información miscelánea | v.2. |
| Título | Cuaderno, ficha de actividades |
| 590 ## - NOTA LOCAL (RLIN) | |
| Nota local | Inventariado,2018/MFF |
| 700 1# - PUNTO DE ACCESO ADICIONAL--NOMBRE DE PERSONA | |
| Nombre de persona | Núñez, Ruddy, |
| Término indicativo de función/relación | il. |
| 9 (RLIN) | 23171 |
| 700 1# - PUNTO DE ACCESO ADICIONAL--NOMBRE DE PERSONA | |
| Nombre de persona | Llibre, Claudia, |
| Término indicativo de función/relación | ed. |
| 9 (RLIN) | 30462 |
| 830 #0 - PUNTO DE ACCESO ADICIONAL DE SERIE-TÍTULO UNIFORME | |
| Título uniforme | Proyecto todos juntos |
| 9 (RLIN) | 30856 |
| Estado de retiro | Estado de pérdida | Restricciones de uso | No para préstamo | Código de colección | Localización permanente | Ubicación/localización actual | Ubicación en estantería | Fecha de adquisición | Número de inventario | Total de préstamos | Signatura topográfica completa | Código de barras | Fecha visto por última vez | Precio válido a partir de | Tipo de ítem Koha |
|---|---|---|---|---|---|---|---|---|---|---|---|---|---|---|---|
| Extraviado | Patrimonio Dominicano | General | General | Extraviado | 26.04.2018 | LF1 | v. 1, e. 3 | 47287-30 | 25.06.2020 | 25.06.2020 | Libro y Folleto Colección Patrimonio Dominicano | ||||
| Excluido de préstamo | Patrimonio Dominicano | Patrimonio Dominicano | Patrimonio Dominicano | Depósito | 26.04.2018 | LF1 | v. 1 | 47287-10 | 25.06.2020 | 25.06.2020 | Libro y Folleto Colección Patrimonio Dominicano | ||||
| Extraviado | Excluido de préstamo | Patrimonio Dominicano | Patrimonio Dominicano | Patrimonio Dominicano | Extraviado | 26.04.2018 | LF1 | v. 1, e. 2 | 47287-20 | 25.06.2020 | 25.06.2020 | Libro y Folleto Colección Patrimonio Dominicano | |||
| Excluido de préstamo | Patrimonio Dominicano | Patrimonio Dominicano | Patrimonio Dominicano | Depósito | 13.12.2018 | LF1 | v. 2 | 47287-40 | 25.06.2020 | 25.06.2020 | Libro y Folleto Colección Patrimonio Dominicano |
